[Event "NRW-Liga II 9697"]
[Site "Germany"]
[Date "1996.??.??"]
[Round "4.3"]
[White "Gruen, Peter"]
[Black "Hendriks, Willy"]
[Result "1/2-1/2"]
[WhiteElo "2375"]
[BlackElo "2425"]

1.d4 Nf6 2.Nf3 g6 3.c4 Bg7 4.g3 O-O 5.Bg2 d6 6.Nc3 Nbd7 7.O-O e5 8.e4 exd4
9.Nxd4 Nc5 10.h3 Re8 11.Re1 a5 12.Rb1 h6 13.Bf4 Nfd7 14.Re2 Ne5 15.b3 a4
16.Rd2 axb3 17.axb3 Bd7 18.Be3 Qc8 19.Kh2 Kh7 20.f4 Nc6 21.b4 Nxd4 22.Bxd4 Bxd4
23.Rxd4 Ne6 24.Nd5 Qd8 25.Rd2 Bc6 26.c5 Bxd5 27.Rxd5 Qe7 28.cxd6 cxd6 29.Rxd6 Red8
30.e5 Ng7 31.Rb2 Nf5 32.Rxd8 Rxd8 33.Rd2 Ne3 34.Qe2 Nxg2 35.Rxd8 Qxd8 36.Qxg2 b5
37.Qa2 Kg7 38.Qb2 Qd5 39.h4 Kh7 40.h5 Qe4 41.Qa2 Qc4 42.hxg6+ Kxg6 43.Qb1+ Kg7
44.Qb2 Kg6 45.Qd2 Kf5 46.Qd7+ Ke4 47.Qg4 Kd4 48.Qd1+ Kc3 49.Qe1+ Kb3 50.Qb1+ Kc3
51.Kh3 Qxb4 52.Qe1+ Kc4 53.Qe4+ Kc3 54.Qe3+ Kc4 55.f5 Qb1 56.Kg4 Qd1+ 57.Kf4 Qf1+
58.Kg4 Qd1+ 59.Kf4 Qf1+ 60.Kg4  1/2-1/2

[Event "Gistrup"]
[Site "Gistrup"]
[Date "1996.??.??"]
[Round "2"]
[White "Filippov, Valerij"]
[Black "Meyer, Lars A"]
[Result "1-0"]
[WhiteElo "2565"]
[BlackElo "2275"]

1.Nf3 Nf6 2.c4 g6 3.d4 Bg7 4.g3 O-O 5.Bg2 d6 6.O-O Bg4 7.Nc3 Bxf3 8.Bxf3 Nc6
9.Bg2 Nd7 10.e3 e5 11.Ne2 f5 12.Rb1 Kh8 13.b4 Qe7 14.c5 Nd8 15.a4 g5 16.cxd6 cxd6
17.b5 e4 18.Ba3 Rf6 19.Qb3 Qe8 20.Nc3 Qh5 21.h3 Ne6 22.Qd1 g4 23.h4 Rh6 24.Nd5 Nb6
25.Qb3 Rf8 26.Rfd1 f4 27.Nxf4 Rxf4 28.exf4 Nxd4 29.Rxd4 Bxd4 30.Rd1 Bg7 31.Bxe4 Qe8  1-0

[Event "Goch op"]
[Site "Goch"]
[Date "1996.??.??"]
[Round "1"]
[White "Mohrholz, Stefan"]
[Black "Mohaupt, Sascha"]
[Result "0-1"]
[WhiteElo "1785"]
[BlackElo "2215"]

1.Nf3 d6 2.d4 Nf6 3.c4 g6 4.g3 Bg7 5.Bg2 O-O 6.O-O c6 7.Nc3 Nbd7 8.e4 e5
9.Be3 exd4 10.Nxd4 Nb6 11.b3 Qe7 12.Re1 Ng4 13.Qd2 Nxe3 14.Qxe3 Nd7 15.Rad1 Nc5
16.f4 Re8 17.Qd2 Qc7 18.b4 Ne6 19.Nxe6 Bxe6 20.Ne2 Bxc4 21.Qxd6 Qxd6 22.Rxd6 Bf8
23.Rd4 Bxb4 24.Rxc4 Bxe1 25.Kf1 Ba5 26.g4 Rad8 27.Rc2 Rd1+ 28.Kf2 Red8 29.Bf3 R1d2  0-1

[Event "Gran Canaria op"]
[Site "Gran Canaria"]
[Date "1996.??.??"]
[Round "?"]
[White "Perez Rosales, Pedro"]
[Black "Petermann, Hubert"]
[Result "1/2-1/2"]
[WhiteElo "2285"]
[BlackElo "2185"]

1.c4 Nf6 2.Nf3 g6 3.d4 Bg7 4.g3 O-O 5.Bg2 d6 6.Nc3 Nc6 7.h3 e5 8.O-O exd4
9.Nxd4 Nxd4 10.Qxd4 Re8 11.Qh4 Nh5 12.Bg5 Bf6 13.Bxf6 Nxf6 14.Rfd1 Bd7 15.Rd4 Qe7
16.g4 Nd5 17.Qxe7 Nxe7 18.c5 Bc6 19.cxd6 cxd6 20.Rxd6 Rad8 21.Rad1 Rxd6 22.Rxd6 Kf8
23.e4 g5 24.b4 a6 25.a4 Rc8 26.b5 Be8 27.bxa6 bxa6 28.Nd5 Bxa4 29.Rxa6 Bb3
30.Nxe7 Kxe7 31.Rh6 Rh8 32.Rb6 Be6 33.Rb5 f6 34.e5 fxe5 35.Rxe5 Kf6 36.Ra5 h5
37.f3 hxg4 38.hxg4 Rb8 39.Kf2 Rb3 40.Bf1 Rb2+ 41.Kg3 Ra2 42.Rc5 Rd2 43.Bb5 Rd5
44.Rxd5 Bxd5 45.f4 gxf4+ 46.Kxf4  1/2-1/2

[Event "Graz op"]
[Site "Graz"]
[Date "1996.??.??"]
[Round "?"]
[White "Loebler, Heimo"]
[Black "Ebner, Walter"]
[Result "1-0"]
[WhiteElo "2265"]
[BlackElo "2210"]

1.d4 Nf6 2.c4 g6 3.Nf3 Bg7 4.g3 O-O 5.Bg2 d6 6.Nc3 Nbd7 7.O-O e5 8.e4 Re8
9.h3 a5 10.b3 c6 11.Re1 Nh5 12.Be3 Nf8 13.dxe5 dxe5 14.c5 Ne6 15.Na4 Nd4
16.Nb6 Rb8 17.Kh2 Qe7 18.Qc1 Be6 19.Qc3 Rbd8 20.Rad1 Nb5 21.Qxa5 f5 22.Bg5 Nf6
23.Rxd8 Qxd8 24.exf5 Bxf5 25.Rxe5 Rxe5 26.Nxe5 h6 27.Be3 Be4 28.Bxe4 Nxe4
29.Nxg6 Kh7 30.Nf4 Nd4 31.Kg2 Nf5 32.Qe1 Qe8 33.Qb1 Kg8 34.Qd3 Nexg3 35.fxg3 Nxe3+
36.Kf3 Nd5 37.Nbxd5 cxd5 38.Qxd5+ Kh8 39.Qxb7 Qd8 40.Qxg7+  1-0

[Event "Greenhills op"]
[Site "Greenhills"]
[Date "1996.??.??"]
[Round "5"]
[White "Fuentes, Mardonio"]
[Black "Mariano, Nelson"]
[Result "1/2-1/2"]
[WhiteElo "2350"]
[BlackElo "2510"]

1.d4 Nf6 2.Nf3 g6 3.g3 Bg7 4.Bg2 d6 5.c4 O-O 6.O-O Nbd7 7.Nc3 e5 8.h3 c6
9.e4 Qb6 10.d5 cxd5 11.cxd5 Nc5 12.Nd2 Bd7 13.Nb3 Na4 14.Qf3 Rac8 15.Be3 Qd8
16.Nxa4 Bxa4 17.Rfc1 a6 18.Qd1 Ne8  1/2-1/2

[Event "Koop Tjuchem op"]
[Site "Groningen"]
[Date "1996.??.??"]
[Round "5"]
[White "Skomorokhin, Roman"]
[Black "Atalik, Suat"]
[Result "1/2-1/2"]
[WhiteElo "2450"]
[BlackElo "2525"]

1.d4 Nf6 2.c4 g6 3.Nf3 Bg7 4.g3 O-O 5.Bg2 d6 6.O-O Nc6 7.Nc3 Rb8 8.Re1 Re8
9.Rb1 Bd7 10.a3 e5 11.d5 Nd4 12.b4 c6 13.Bb2 Nxf3+ 14.exf3 cxd5 15.cxd5 Qb6
16.Qb3 Rbc8 17.a4 Bh6 18.Rbd1 a5 19.Ba3 Qc7 20.Rd3 Qc4 21.Qxc4 Rxc4 22.bxa5 Bf8
23.Rb1 Rec8 24.Ne4 Nxe4 25.fxe4 Rxa4 26.h4 Rxa5 27.Rxb7 Bb5 28.Rf3 Be2 29.Re3 Rc2
30.Rb8 Kg7 31.Rxf8 Kxf8 32.Bxd6+ Kg7 33.Bxe5+ f6 34.Bf4 Ra1+ 35.Kh2 Raa2
36.Rb3  1/2-1/2

[Event "Koop Tjuchem op"]
[Site "Groningen"]
[Date "1996.??.??"]
[Round "7"]
[White "Lelchuk, Zoja"]
[Black "Hausrath, Daniel"]
[Result "0-1"]
[WhiteElo "2350"]
[BlackElo "2440"]

1.d4 Nf6 2.c4 g6 3.Nf3 Bg7 4.g3 O-O 5.Bg2 d6 6.O-O c6 7.Nc3 Qa5 8.e4 Bg4
9.h3 Bxf3 10.Bxf3 e5 11.d5 cxd5 12.cxd5 Nbd7 13.a4 Rfc8 14.Qb3 a6 15.Be3 h5
16.g4 hxg4 17.hxg4 Nc5 18.Qa3 Qd8 19.a5 Nh7 20.b4 Nd7 21.Be2 Bf6 22.Rac1 Bg5
23.Na4 Bf4 24.Bxf4 exf4 25.Kg2 Ng5 26.f3 Kg7 27.Qa1+ f6 28.Qd4 Qh8 29.Rh1 Rxc1
30.Rxh8 Rxh8 31.Nc3 Rch1  0-1

[Event "Koop Tjuchem op"]
[Site "Groningen"]
[Date "1996.??.??"]
[Round "8"]
[White "Ippolito, Dean"]
[Black "Grechihin, Valery"]
[Result "1-0"]
[WhiteElo "2225"]
[BlackElo "2495"]

1.d4 Nf6 2.c4 g6 3.Nf3 Bg7 4.g3 O-O 5.Bg2 d6 6.Nc3 Nc6 7.O-O a6 8.h3 Rb8
9.e4 b5 10.e5 Nd7 11.e6 fxe6 12.d5 exd5 13.cxd5 Nce5 14.Nd4 Nb6 15.Nce2 c5
16.dxc6 Nf7 17.Nf4 d5 18.Nde6 Bxe6 19.Nxe6 Qd6 20.Nxf8 Rxf8 21.Be3 d4 22.Bd2 Ne5
23.Bf4 Rxf4 24.gxf4 Nxc6 25.Rc1 Nb4 26.Qb3+ N4d5 27.Rfe1 e6 28.Re4 Nc4 29.a4 Nd2
30.Rxe6 Nxb3 31.Rc8+ Kf7 32.Rxd6 Ne7 33.Rc7 Ke8 34.Rxa6  1-0

[Event "GER-ch U20 Girls"]
[Site "Halle"]
[Date "1996.??.??"]
[Round "9"]
[White "Meissner, Claudia"]
[Black "Heymann, Ulrike"]
[Result "1-0"]
[WhiteElo "2130"]
[BlackElo "2125"]

1.d4 Nf6 2.c4 g6 3.Nf3 Bg7 4.g3 O-O 5.Bg2 d6 6.O-O Nc6 7.Nc3 Bf5 8.d5 Na5
9.Nd2 c5 10.h3 a6 11.e4 Bd7 12.Qe2 e5 13.Kh2 Rb8 14.a4 Ne8 15.f4 f5 16.Ra3 b6
17.Nf3 Nxc4 18.Qxc4 b5 19.axb5 axb5 20.Qa2 b4 21.Ra7 bxc3 22.fxe5 dxe5 23.bxc3 h6
24.Be3 fxe4 25.Nd2 Rxf1 26.Bxf1 Kh8 27.Nxe4 Bf5 28.Bg2 c4 29.Qd2 g5 30.Bc5 Rb5
31.Qf2 Bg6 32.Be7 Qxd5 33.Nd6 e4 34.Nxb5 Qxb5 35.Ra8 Kh7 36.Bb4 Qe5 37.Ra7 e3
38.Qe1 Nc7 39.Ba5 Nb5 40.Rb7 Na3 41.Bc7 Qe8 42.Bf3 Bd3 43.Bd6 Nc2 44.Qd1 Qc8
45.Rc7 Qf5 46.g4 Qf6 47.Bg3 Qxc3 48.Be2 Nb4 49.Bxd3+ Nxd3 50.Qf1 Ne5 51.Qf5+ Ng6
52.Qf1 Qc2+ 53.Kg1 e2 54.Qf6 Qc1+ 55.Kh2  1-0

[Event "Hallsberg op"]
[Site "Hallsberg"]
[Date "1996.??.??"]
[Round "5"]
[White "Doettling, Fabian"]
[Black "Nordahl, Helge"]
[Result "1-0"]
[WhiteElo "2230"]
[BlackElo "2270"]

1.d4 Nf6 2.Nf3 g6 3.c4 Bg7 4.g3 O-O 5.Bg2 d6 6.O-O c5 7.dxc5 dxc5 8.Nc3 Nc6
9.Bf4 Bd7 10.Ne5 Nxe5 11.Bxe5 Qc8 12.Qb3 Bc6 13.Nd5 Qd7 14.Qc3 Bxd5 15.cxd5 Qf5
16.f4 Rac8 17.e4 Qd7 18.Rad1 Ne8 19.Bxg7 Nxg7 20.h3 Ne8 21.e5 b6 22.g4 Nc7
23.f5 Nb5 24.Qe3 Nd4 25.Be4 Qc7 26.Bb1 Qd7 27.Qh6 gxf5 28.Rxd4 e6 29.gxf5 Kh8
30.f6 Rg8+ 31.Kh1 Rg6 32.Bxg6 fxg6 33.f7  1-0

[Event "Helsinki We Ilves op"]
[Site "Helsinki"]
[Date "1996.??.??"]
[Round "2"]
[White "Koskinen, Henri"]
[Black "Yrjola, Jouni"]
[Result "1/2-1/2"]
[WhiteElo "2230"]
[BlackElo "2460"]

1.d4 Nf6 2.c4 g6 3.Nf3 Bg7 4.g3 O-O 5.Bg2 d6 6.O-O Nc6 7.d5 Na5 8.Nbd2 c5
9.Qc2 b5 10.Ne1 Ba6 11.cxb5 Bxb5 12.Nd3 Qb6 13.Rb1 c4 14.Nf4 Rfc8 15.Nf3 Bd7
16.Be3 Qa6 17.Rbe1 Ng4 18.Bd4 Ne5 19.Bc3 Nb7 20.Nxe5 dxe5 21.Nh3 Nd6 22.f4 exf4
23.Bxg7 Kxg7 24.Nxf4 Rab8 25.e4 Qxa2 26.Qc3+ Kg8 27.e5 Nb5 28.Qb4 Nd6 29.Qc3 Nb5
30.Qb4 Nd6  1/2-1/2

[Event "ROM-ch"]
[Site "Herculane"]
[Date "1996.??.??"]
[Round "11"]
[White "Badea, Bela"]
[Black "Teodorescu, Florin Cornel"]
[Result "1-0"]
[WhiteElo "2525"]
[BlackElo "2320"]

1.Nf3 Nf6 2.g3 g6 3.Bg2 Bg7 4.c4 d6 5.d4 O-O 6.O-O c6 7.Nc3 Qa5 8.e4 Be6
9.d5 cxd5 10.exd5 Bd7 11.Qe2 Re8 12.Bd2 Qd8 13.Be3 Qc8 14.Rac1 Ng4 15.Bd4 e5
16.dxe6 Rxe6 17.Qd1 Bh6 18.Rc2 Nc6 19.Nd5 Nge5 20.Bc3 Qd8 21.Nd4 Nxd4 22.Bxd4 Bg7
23.b3 g5 24.f4 gxf4 25.Nxf4 Rh6 26.Bxb7 Bg4 27.Qa1 Rb8 28.Bd5 Qg5 29.Qc3 a5
30.Rcf2 Rf8 31.Qd2 Qd8 32.Bg2 a4 33.Nd5 axb3 34.axb3 Be6 35.Ne3 Qb8 36.Qc3 Rg6
37.Nf5 Bxf5 38.Rxf5 f6 39.R5f4 Bh6 40.R4f2 Ng4 41.Bd5+ Kg7 42.Ra2 Re8 43.Ra8 Qxa8
44.Bxa8 Rxa8 45.Ra1  1-0

[Event "Hlohovec op"]
[Site "Hlohovec"]
[Date "1996.??.??"]
[Round "8"]
[White "Kolesar, Milan"]
[Black "Moravcik, Rastislav"]
[Result "1-0"]
[WhiteElo "2240"]
[BlackElo "2080"]

1.c4 Nf6 2.Nf3 d6 3.d4 g6 4.g3 Bg7 5.Bg2 O-O 6.O-O Nbd7 7.Qc2 c5 8.Rd1 cxd4
9.Nxd4 Rb8 10.Nc3 a6 11.b3 Qc7 12.Bb2 Ne5 13.Rac1 Nc6 14.Qd2 Nxd4 15.Qxd4 Ng4
16.Qxg7+ Kxg7 17.Nd5+ Kg8 18.Nxc7 e6 19.Rxd6 Nh6 20.Rcd1  1-0

[Event "Hessen-ch"]
[Site "Hofbieber"]
[Date "1996.??.??"]
[Round "6"]
[White "Heck, Norbert"]
[Black "Zude, Erik"]
[Result "1/2-1/2"]
[WhiteElo "2290"]
[BlackElo "2325"]

1.d4 Nf6 2.g3 g6 3.Bg2 Bg7 4.c4 O-O 5.Nf3 d6 6.O-O Nc6 7.d5 Na5 8.Nfd2 c6
9.a3 Ng4 10.Ra2 Ne5 11.b3 e6 12.Bb2 cxd5 13.cxd5 exd5 14.Bxd5 Bh3 15.Re1 Rc8
16.Nf3 Qb6 17.Nbd2 Be6 18.Bxe6 fxe6 19.Bxe5 Bxe5 20.b4 Nc4 21.Nxc4 Rxc4 22.Qb3 d5
23.Rc2 Bd4 24.Nxd4 Qxd4 25.e3 Qf6 26.b5 Qf3 27.Rec1 h5 28.Qd3 Kg7 29.Qf1 Rxc2
30.Rxc2 Rf7 31.h4 e5 32.Qa1 Qf5 33.Qb2 Kh7 34.Rc5 Qf3 35.Qd2 Rd7 36.a4 b6
37.Rc8 d4 38.Qd3 e4 39.Qc4 Rf7 40.Rc7 Qxf2+ 41.Kh1 Qf3+ 42.Kh2 Qf2+ 43.Kh1 Rxc7
44.Qxc7+ Kh6 45.Qe5  1/2-1/2

[Event "NLD-chT9697"]
[Site "Holland"]
[Date "1996.??.??"]
[Round "?"]
[White "Meulders, Richard"]
[Black "De Boer, Sybolt"]
[Result "1-0"]
[WhiteElo "2295"]
[BlackElo "2250"]

1.d4 Nf6 2.c4 g6 3.Nf3 Bg7 4.g3 O-O 5.Bg2 d6 6.O-O Nbd7 7.Qc2 e5 8.Rd1 Re8
9.dxe5 dxe5 10.e4 c6 11.h3 Qc7 12.Be3 Bf8 13.c5 b6 14.b4 bxc5 15.bxc5 Qa5
16.Rc1 Ba6 17.Nbd2 Rab8 18.Nb3 Qa4 19.Nfd2 Rb4 20.g4 Reb8 21.Bf3 h6 22.Kg2 Ne8
23.Bd1 Nc7 24.a3 R8b7 25.Qc3 Nb5 26.Qxb4 Qxb4 27.axb4 Nc7 28.Na5  1-0

[Event "HUN-chT1 9596"]
[Site "HUN"]
[Date "1996.??.??"]
[Round "7"]
[White "Izsak, Gyula"]
[Black "Ozsvath, Andras"]
[Result "1-0"]
[WhiteElo "2445"]
[BlackElo "2290"]

1.d4 Nf6 2.c4 g6 3.Nf3 Bg7 4.g3 O-O 5.Bg2 d6 6.Nc3 Bg4 7.O-O Nc6 8.h3 Bxf3
9.Bxf3 Nd7 10.Be3 e5 11.Bxc6 bxc6 12.Qd2 exd4 13.Bxd4 Bxd4 14.Qxd4 Qf6 15.Qxf6 Nxf6
16.b3 Rfe8 17.Rfe1 Ne4 18.Rac1 a5 19.Na4 c5 20.Kg2 Kg7 21.f3 Ng5 22.Nc3 f5
23.e3 h5 24.Rcd1 Ne6 25.h4 Kf7 26.Kf2 Rg8 27.f4 Rge8 28.Rd2 Nf8 29.e4 Re6
30.Rde2 fxe4 31.Nxe4 Ke7 32.Nc3 Kd7 33.Nd5 Rb8 34.Re3 c6 35.Rxe6 Nxe6 36.Nf6+ Ke7
37.Ne4 Kd7 38.Re3 d5 39.Nf6+ Kd6 40.cxd5 cxd5 41.Re5 Nc7 42.Rg5 a4 43.Rxg6 axb3
44.axb3 Ke7 45.Nxh5 Rxb3 46.Rc6 Ne6 47.f5 Rb2+ 48.Kf1 Nd4 49.f6+ Kf7 50.Rxc5 Nf5
51.Rc7+ Kg6 52.f7 Rb8 53.Nf4+ Kf6 54.Nxd5+ Kg7 55.Nf4 Rb1+ 56.Kg2 Nh6 57.Nh3 Rb2+
58.Kf1 Rb1+ 59.Ke2 Rb2+ 60.Kd1 Rb1+ 61.Kc2 Rf1 62.Ng5 Kg6 63.Kd2 Kh5 64.Ke2 Rf5
65.Rc5 Rxc5 66.f8=Q Re5+ 67.Kd3 Rf5 68.g4+  1-0

[Event "HUN-chT2 9596"]
[Site "HUN"]
[Date "1996.??.??"]
[Round "8"]
[White "Horvath, Jozsef"]
[Black "Kosztolanczi, Gyula"]
[Result "1-0"]
[WhiteElo "2515"]
[BlackElo "2185"]

1.d4 Nf6 2.Nf3 g6 3.c4 Bg7 4.g3 d6 5.Bg2 O-O 6.O-O Nc6 7.Nc3 e5 8.d5 Ne7
9.e4 Kh8 10.b4 Nfg8 11.a4 f5 12.Ra3 f4 13.gxf4 exf4 14.Ne2 g5 15.Nxg5 Ng6
16.Nf3 Bg4 17.Qc2 Nh6 18.Kh1 Qe7 19.Ne1 Rf7 20.f3 Bd7 21.Nd3 Raf8 22.Ng1 Qh4
23.Qf2 Qh5 24.Qxa7 b6 25.Qxc7 Ng4 26.Bxf4 Nxf4 27.fxg4 Bxg4 28.Nxf4 Rxf4
29.Rxf4 Rxf4 30.Rg3 Rf8 31.Bh3 Rf4 32.Rxg4 Rxg4 33.Bxg4 Qxg4 34.Qd8+  1-0

[Event "HUN-chT1 9596"]
[Site "HUN"]
[Date "1996.??.??"]
[Round "13"]
[White "Farago, Sandor"]
[Black "Forgacs, Attila"]
[Result "0-1"]
[WhiteElo "2360"]
[BlackElo "2155"]

1.d4 Nf6 2.c4 g6 3.Nf3 Bg7 4.g3 O-O 5.Bg2 d6 6.Nc3 Nbd7 7.O-O e5 8.e4 c6
9.h3 Qb6 10.d5 Nc5 11.Qc2 cxd5 12.cxd5 Bd7 13.Be3 Rfc8 14.Nd2 Qd8 15.Rfc1 b5
16.b4 Na4 17.Qb3 Nb6 18.Bf1 a6 19.Qa3 Nc4 20.Nxc4 bxc4 21.Qb2 Nh5 22.Qe2 f5
23.exf5 Bxf5 24.Qd2 Nf6 25.g4 Ne4 26.Nxe4 Bxe4 27.Rxc4 Rxc4 28.Bxc4 Qf6 29.Qd1 Qh4
30.Bf1 Rf8 31.Rc1 Bh6 32.Qd2 Bf4 33.Bxf4 Rxf4 34.Qe3 Rxg4+ 35.Kh2 Rf4 36.Rc8+ Kg7
37.Rc7+ Kf6 38.Kg1 Rg4+ 39.Kh2 Rf4 40.Kg1 Rg4+ 41.Kh2 Rf4 42.Kg1 Bxd5 43.Qb6 Ke6
44.a3 Rg4+ 45.Kh2 Rd4 46.Re7+ Qxe7 47.Bxa6 Rd1 48.Bc8+ Kf7 49.Bg4 Rh1+ 50.Kg3 Rg1+
51.Kh2 Rg2+  0-1

[Event "HUN-chT1 9697"]
[Site "Hungary"]
[Date "1996.??.??"]
[Round "2"]
[White "Horvath, Peter"]
[Black "Kubacsny, Laszlo"]
[Result "0-1"]
[WhiteElo "2420"]
[BlackElo "2335"]

1.d4 Nf6 2.Nf3 g6 3.c4 Bg7 4.g3 O-O 5.Bg2 d6 6.Nc3 a6 7.O-O c6 8.e4 b5 9.e5 Nfd7
10.exd6 exd6 11.d5 c5 12.Bf4 Nb6 13.cxb5 axb5 14.Re1 b4 15.Ne4 Nc4 16.b3 Nb2
17.Qd2 c4 18.Qxb4 Nd3 19.Qxc4 Nxe1 20.Rxe1 Rxa2 21.Bxd6 Ba6 22.Qc5 Nd7 23.Qc6 Re8
24.Bc7 Qc8 25.Bh3 f5 26.Nd6 Rxe1+ 27.Nxe1 Ne5 28.Qb6 Qa8 29.Bg2 Ra1 30.Qe3 Qf8
31.Nc4 Nxc4 32.bxc4 Bxc4 33.d6 Bd4 34.Qd2 Qe8 35.Bf1 Rxe1 36.Qxd4 Qe2  0-1

[Event "HUN-chT1 9697"]
[Site "Hungary"]
[Date "1996.??.??"]
[Round "6"]
[White "Izsak, Gyula"]
[Black "Ozsvath, Andras"]
[Result "1-0"]
[WhiteElo "2435"]
[BlackElo "2300"]

1.d4 Nf6 2.c4 g6 3.Nf3 Bg7 4.g3 d6 5.Bg2 O-O 6.Nc3 Nc6 7.d5 Na5 8.b3 c6 9.Bb2 cxd5
10.cxd5 b5 11.Nd4 b4 12.Na4 Bb7 13.Nc6 Qc7 14.Nxb4 Qd7 15.Rc1 Rac8 16.O-O Rxc1
17.Qxc1 Rc8 18.Qd2 Nc4 19.bxc4 Qxa4 20.Nc6 Rc7 21.Bd4 e5 22.Be3 Qxc4 23.Qa5 Rd7
24.Bxa7 Ne4 25.Nb8 Re7 26.Qd8+ Bf8 27.Nd7 Rxd7 28.Qxd7 Bxd5 29.a4 Bc6 30.Qc8 Qxa4
31.Be3 Bd7 32.Qc7 Nf6 33.Qd8 Ne8 34.h4 f6 35.Bd5+ Kg7 36.Rb1 Bb5 37.Qc8 Qa6
38.Qe6 g5 39.Qf7+ Kh6 40.Qxf8+  1-0

[Event "ISR-chT"]
[Site "Israel"]
[Date "1996.??.??"]
[Round "3"]
[White "Greenfeld, Alon"]
[Black "Sutovskij, Emil"]
[Result "0-1"]
[WhiteElo "2560"]
[BlackElo "2545"]

1.d4 Nf6 2.Nf3 g6 3.c4 Bg7 4.g3 O-O 5.Bg2 d6 6.O-O Nbd7 7.Nc3 e5 8.e4 a6
9.Re1 exd4 10.Nxd4 Ng4 11.Qxg4 Bxd4 12.Qd1 Bg7 13.Be3 Ne5 14.c5 dxc5 15.Bxc5 Bg4
16.Qb3 Re8 17.Nd5 b6 18.Bd4 c5 19.Bc3 b5 20.f4 c4 21.Qc2 Nd3 22.Bxg7 Kxg7
23.Qc3+ f6 24.e5 fxe5 25.Re3 Qd6 26.Rf1 Qc5 27.fxe5 b4 28.Qd2 Rxe5 29.b3 Rae8  0-1

[Event "ISR-ch"]
[Site "Jerusalem"]
[Date "1996.??.??"]
[Round "2"]
[White "Birnboim, Nathan"]
[Black "Zaltz, Dov"]
[Result "1-0"]
[WhiteElo "2385"]
[BlackElo "2260"]

1.d4 Nf6 2.c4 g6 3.g3 Bg7 4.Bg2 O-O 5.Nf3 d6 6.O-O c5 7.Nc3 Nc6 8.d5 Na5
9.Nd2 e5 10.b3 Ne8 11.e4 f5 12.exf5 gxf5 13.Bb2 a6 14.Qc2 Rb8 15.Nd1 f4 16.Nc3 b5
17.Nce4 Bf5 18.Bc3 Nb7 19.Nf3 Nf6 20.Nh4 Bxe4 21.Bxe4 Nxe4 22.Qxe4 Qd7 23.Kh1 Nd8
24.Rg1 fxg3 25.fxg3 Nf7 26.Qf5 Qe7 27.Raf1 Nh6 28.Qh3 bxc4 29.bxc4 e4 30.Bxg7 Kxg7
31.Ng2 Rxf1 32.Rxf1 e3 33.Nf4 Qe4+ 34.Kg1 e2 35.Qd7+ Kh8 36.Re1 Rb1 37.Qd8+ Ng8
38.Qa5 Qd4+ 39.Kg2 Qe4+ 40.Kf2 Qd4+ 41.Kf3 Rb2 42.Qd8 Qc3+ 43.Kf2 Qd4+ 44.Kg2 Qxc4
45.Qxd6 Qe4+ 46.Kf2 Qd4+ 47.Kf3 Rxa2 48.Rxe2 Rxe2 49.Kxe2 Qe4+ 50.Kf2 Qd4+
51.Kf3 a5 52.Qe6 a4 53.d6 a3 54.d7 a2 55.Qxa2 Qxd7 56.Qc4 Qd4 57.Qxd4+ cxd4
58.Ke4 Kg7 59.Kxd4 Kf6 60.Nd5+ Kf5 61.h3 Nh6 62.Ne3+  1-0

[Event "ISR-ch"]
[Site "Jerusalem"]
[Date "1996.??.??"]
[Round "5"]
[White "Godes, Dmitry R"]
[Black "Kanstler, Boris"]
[Result "0-1"]
[WhiteElo "2380"]
[BlackElo "2455"]

1.Nf3 Nf6 2.d4 g6 3.c4 Bg7 4.g3 O-O 5.Bg2 d6 6.Nc3 Nbd7 7.O-O e5 8.e3 Re8
9.b3 a6 10.Bb2 Rb8 11.a4 b6 12.Nd2 exd4 13.exd4 Nf8 14.Nd5 Nxd5 15.cxd5 Nd7
16.b4 Nf6 17.Qb3 Bb7 18.Rac1 Qd7 19.Rc2 Re2 20.b5 axb5 21.axb5 Qf5 22.Qc4 Re7
23.Ra1 Rbe8 24.Nf1 Bxd5 25.Bxd5 Nxd5 26.Bc1 Re1 27.Bb2 Qf3 28.Ra3 Qf5 29.Ra1 Qf3
30.Rxe1 Rxe1 31.Bc1 Qd1  0-1

[Event "Jyvaskyla op2"]
[Site "Jyvaskyla"]
[Date "1996.??.??"]
[Round "4"]
[White "Koskinen, Henri"]
[Black "Manninen, Marko"]
[Result "1/2-1/2"]
[WhiteElo "2230"]
[BlackElo "2380"]

1.d4 Nf6 2.c4 g6 3.Nf3 Bg7 4.g3 O-O 5.Bg2 d6 6.O-O Nc6 7.d5 Na5 8.Nbd2 c5
9.Qc2 e6 10.e4 exd5 11.cxd5 Nd7 12.Rb1 b6 13.b3 Re8 14.Bb2 Bxb2  1/2-1/2

[Event "Karditsa"]
[Site "Karditsa"]
[Date "1996.??.??"]
[Round "6"]
[White "Nenashev, Alexander"]
[Black "Atalik, Suat"]
[Result "1-0"]
[WhiteElo "2595"]
[BlackElo "2535"]

1.d4 Nf6 2.c4 g6 3.g3 Bg7 4.Bg2 O-O 5.Nf3 d6 6.O-O Nc6 7.Nc3 a6 8.b3 Rb8
9.e3 b5 10.Nd2 Qd7 11.Bb2 e5 12.d5 Ne7 13.Qe2 Bb7 14.Rad1 Rfd8 15.Nde4 Nxe4
16.Nxe4 bxc4 17.bxc4 Nf5 18.f4 Qe7 19.g4 Nh4 20.f5 f6 21.Qf2 Nxg2 22.Qxg2 gxf5
23.gxf5 Kh8 24.Kh1 c6 25.Ba3 cxd5 26.cxd5 Rd7 27.Rf3 Qf7 28.Nxd6 Rxd6 29.Bxd6 Rd8
30.Ba3 Rxd5 31.Re1 Qh5 32.e4 Rd4 33.Rfe3 Bh6 34.Be7 Qf7 35.Rg3 Bg7 36.Bc5 Rc4
37.Ba3 Bh6 38.Rb3 Rxe4 39.Rxe4 Qd5 40.Kg1  1-0

[Event "Kassel op"]
[Site "Kassel"]
[Date "1996.??.??"]
[Round "5"]
[White "Heck, Norbert"]
[Black "Cohrs, Christopher"]
[Result "1-0"]
[WhiteElo "2290"]
[BlackElo "2255"]

1.d4 Nf6 2.g3 g6 3.Bg2 Bg7 4.c4 O-O 5.Nf3 d6 6.O-O c5 7.Nc3 Nc6 8.d5 Na5
9.Nd2 a6 10.Qc2 Rb8 11.b3 b5 12.Bb2 bxc4 13.bxc4 Bh6 14.f4 e5 15.e3 Re8 16.Rae1 Ng4
17.Nd1 Bg7 18.Bc3 exf4 19.gxf4 Bxc3 20.Qxc3 Nb7 21.h3 Nf6 22.Nf2 Nh5 23.Ng4 Bxg4
24.hxg4 Qf6 25.Qa3 Ng3 26.Rf2 h5 27.e4 h4 28.e5 dxe5 29.fxe5 Qg5 30.Qf3 Rxe5
31.Qxf7+ Kh8 32.Rb1 Re7 33.Qf6+ Qxf6 34.Rxf6 Rbe8 35.Rxg6 Re1+ 36.Rxe1 Rxe1+
37.Kh2 Re2 38.Nf3 Nf1+ 39.Kh3 Ne3 40.Nxh4 Nxc4 41.Rxa6 Re3+ 42.Kh2 Rd3 43.Ra8+ Kg7
44.Ra7 Nd6 45.Nf5+ Kf6 46.Ra6 Ke5 47.Nxd6 Nxd6 48.g5 Rd4 49.Kh3 Nf5 50.Re6+ Kf4
51.g6 Rd3+ 52.Kh2 Rd2 53.a4 c4 54.Rf6 c3 55.g7 c2 56.g8=Q Rxg2+ 57.Qxg2 c1=Q
58.Qf2+  1-0

[Event "JUG-ch sf"]
[Site "Kladovo"]
[Date "1996.??.??"]
[Round "?"]
[White "Blagojevic, Dragisa"]
[Black "Arsovic, Zoran"]
[Result "1/2-1/2"]
[WhiteElo "2450"]
[BlackElo "2460"]

1.d4 Nf6 2.c4 g6 3.Nf3 Bg7 4.g3 O-O 5.Bg2 d6 6.O-O c6 7.Nc3 Qa5 8.e4 e5 9.Re1 Bg4
10.d5 cxd5 11.cxd5 Nbd7 12.Be3 Rfc8 13.Qb1 Bxf3 14.Bxf3 h5 15.h3 Qd8 16.Qc1 Nh7
17.h4 Nhf6 18.Qd2 a6 19.Rac1 Qa5 20.a3 Qd8 21.Qd1 Kh7 22.Re2 Bh6 23.Bxh6  1/2-1/2

[Event "Krasnodar op"]
[Site "Krasnodar"]
[Date "1996.??.??"]
[Round "5"]
[White "Rapoport, Igor"]
[Black "Poluljahov, Aleksandr"]
[Result "0-1"]
[WhiteElo "2260"]
[BlackElo "2480"]

1.d4 Nf6 2.Nf3 d6 3.g3 g6 4.Bg2 Bg7 5.c4 O-O 6.O-O Nbd7 7.Nc3 e5 8.h3 Re8
9.e4 exd4 10.Nxd4 Nc5 11.Re1 a5 12.Qc2 Bd7 13.Be3 Qc8 14.Kh2 Re5 15.Nde2 Rh5
16.Nf4 Ng4+ 17.Kg1 Nxe3 18.Rxe3 Re5 19.Rd1 Re8 20.Kh2 Qd8 21.Re2 h5 22.Nd3 Ne6
23.Qc1 h4 24.Nf4 Be5 25.Qe3 Nc5 26.Nd3 Nxd3 27.Rxd3 hxg3+ 28.fxg3 Be6 29.b3 a4
30.Nd5 axb3 31.axb3 Ra1 32.Re1 Ra2 33.Re2 Ra1 34.Re1 Rxe1 35.Qxe1 c6 36.Nf4 Bc8
37.Qd2 Qe7 38.Rf3 Kg7 39.Nd3 Bd4 40.Nf2 c5 41.h4 Bd7 42.Nh3 b5 43.Nf4 Qxe4
44.Rf1 Qe3 45.Qa2 bxc4 46.bxc4 Bf5 47.Nd5 Qd3 48.Qa4 Re2  0-1

[Event "Kuala Lumpur tt"]
[Site "Kuala Lumpur"]
[Date "1996.??.??"]
[Round "1"]
[White "Manninen, Marko"]
[Black "Liew, Chee Meng Jimmy"]
[Result "1/2-1/2"]
[WhiteElo "2380"]
[BlackElo "2335"]

1.d4 Nf6 2.Nf3 g6 3.g3 Bg7 4.Bg2 O-O 5.c4 d6 6.Nc3 Nc6 7.O-O a6 8.b3 Rb8
9.Nd5 Bg4 10.Bb2 e5 11.Nxf6+ Bxf6 12.d5 Ne7 13.Rc1 b6 14.h3 Bxf3 15.Bxf3 a5
16.Qd2 Bg7 17.a3 Qd7 18.Bg2 Nf5 19.e3 Ra8 20.Kh2 Rfe8 21.Be4 Nh6 22.c5 f5
23.Bd3 bxc5 24.a4 Qe7 25.Bb5 Reb8 26.e4 f4 27.Bc6 Ra7 28.Rc3 g5 29.Qe2 Rf8
30.Qh5 Kh8 31.Rf3 Ng8 32.Kg2 Bh6 33.gxf4 gxf4 34.Rg1 Qg5+ 35.Qxg5 Bxg5 36.Kf1 Bf6
37.Bc3 Nh6  1/2-1/2

[Event "Kuala Lumpur tt"]
[Site "Kuala Lumpur"]
[Date "1996.??.??"]
[Round "5"]
[White "Manninen, Marko"]
[Black "Mas, Hafizulhelmi"]
[Result "1-0"]
[WhiteElo "2380"]
[BlackElo "2290"]

1.d4 Nf6 2.c4 g6 3.g3 Bg7 4.Bg2 O-O 5.Nf3 d6 6.Nc3 Nbd7 7.O-O e5 8.e4 h6
9.h3 Nh7 10.Be3 Ng5 11.Nxg5 hxg5 12.Rc1 exd4 13.Bxd4 Ne5 14.c5 a6 15.cxd6 Qxd6
16.Nd5 c6 17.Bc5 Qd8 18.Nb6 Rb8 19.Bxf8 Qxb6 20.Bxg7 Kxg7 21.Qd6 Nd7 22.b3 Ra8
23.Rfd1 Qa5 24.Qe7 Qxa2 25.Rxd7 Bxd7 26.Qxd7 Qxb3 27.e5 Kf8 28.e6 fxe6 29.Re1 Re8
30.Re3  1-0

[Event "Laguna olm blind"]
[Site "Laguna"]
[Date "1996.??.??"]
[Round "5"]
[White "Cabarkapa, Milenko"]
[Black "Muri, Emil"]
[Result "1-0"]
[WhiteElo "2270"]
[BlackElo "2080"]

1.Nf3 Nf6 2.c4 g6 3.d4 Bg7 4.g3 d6 5.Bg2 O-O 6.O-O c6 7.Nc3 Bf5 8.Nh4 Be6
9.d5 cxd5 10.cxd5 Bd7 11.Nf3 Na6 12.Nd4 Qa5 13.h3 Nc7 14.Nb3 Qa6 15.a4 Rfc8
16.e4 Qc4 17.Re1 Nce8 18.Bf1 Qc7 19.Be3 e5 20.dxe6 fxe6 21.Nd4 Kh8 22.Qb3 d5
23.exd5 exd5 24.Bg2 Qa5 25.Kh2 Nc7 26.Red1 Be8 27.Ndb5 Rd8 28.Nxc7 Qxc7 29.Nxd5 Nxd5
30.Bxd5 Qa5 31.Bxb7 Rxd1 32.Qxd1 Rd8 33.Qb3 Rb8 34.Qd5 Qxd5 35.Bxd5 Rxb2
36.Ra3 a5 37.Rb3 Bxa4 38.Rxb2 Bxb2 39.Bd2 Bc2 40.Bxa5 h6 41.Bb6 Kh7 42.Kg2 Bf5
43.h4 h5 44.Kf3 Be5 45.Ke3 Bd6 46.Kd4 Ba3 47.Ke5 Bb4 48.Be4 Bc3+ 49.Bd4 Bxd4+
50.Kxd4 Bc8 51.Ke5  1-0